[Event "Chess.com SIG Bullet Wild"]
[Site "chess.com INT"]
[Date "2021.04.05"]
[Round "1.1"]
[White "Erigaisi, Arjun"]
[Black "Aronian, Levon"]
[Result "1/2-1/2"]
[WhiteTitle "GM"]
[BlackTitle "GM"]
[WhiteElo "2567"]
[BlackElo "2781"]
[WhiteFideId "35009192"]
[BlackFideId "13300474"]
[EventDate "2021.04.05"]

1. d4 c5 2. d5 e5 3. Nc3 d6 4. Nf3 Be7 5. e4 Nf6 6. Be2 O-O 7. O-O Nbd7 8. a4
Re8 9. h3 Nf8 10. Be3 Ng6 11. Nd2 Nf4 12. Bf3 g5 13. Nc4 h5 14. Bxf4 exf4 15.
Bxh5 Kg7 16. e5 Nxh5 17. Qxh5 Rh8 18. Qf3 dxe5 19. Nxe5 Bd6 20. Rfe1 Qf6 21. Ng4
Bxg4 22. Qxg4 Rh4 23. Qd7 Rd8 24. Qxb7 f3 25. Ne4 Qf5 26. Nxd6 Rxd6 27. Re3 Rxh3
28. Rxf3 Rxf3 29. gxf3 Qxf3 30. Qb3 Qg4+ 31. Qg3 Qxg3+ 32. fxg3 Rxd5 33. Rf1 Rd2
34. Rf2 Rd4 35. b3 Kg6 36. Kg2 c4 37. Re2 cxb3 38. cxb3 Rd3 39. Rb2 Rc3 40. b4
Ra3 41. a5 f5 42. Kf2 f4 43. gxf4 gxf4 44. Ke2 Kf5 45. Kf2 f3 46. b5 Rxa5 47.
Kxf3 Ra3+ 48. Ke2 Ke4 49. Kd2 Kd4 50. b6 axb6 51. Rxb6 Ra2+ 52. Kc1 Ra4 53. Rb2
Kc5 54. Rc2+ Rc4 55. Rxc4+ Kxc4 1/2-1/2

[Event "Chess.com SIG Bullet Wild"]
[Site "chess.com INT"]
[Date "2021.04.05"]
[Round "1.2"]
[White "Aronian, Levon"]
[Black "Erigaisi, Arjun"]
[Result "1-0"]
[WhiteTitle "GM"]
[BlackTitle "GM"]
[WhiteElo "2781"]
[BlackElo "2567"]
[WhiteFideId "13300474"]
[BlackFideId "35009192"]
[EventDate "2021.04.05"]

1. d4 d5 2. Nf3 e6 3. Bf4 Nf6 4. e3 c5 5. Nbd2 Nc6 6. c3 cxd4 7. exd4 Nh5 8. Be3
Bd6 9. Bd3 Nf4 10. Bxf4 Bxf4 11. Qe2 O-O 12. h4 f6 13. g3 Bc7 14. O-O-O h6 15.
Bc2 Qd6 16. Qd3 f5 17. Rhe1 b5 18. Qxb5 Rb8 19. Qa4 Bd7 20. Nb3 Bb6 21. Qa6 f4
22. Qd3 fxg3 23. Qh7+ Kf7 24. fxg3 Qxg3 25. Rg1 Qf4+ 26. Kb1 Ke8 27. Rxg7 Rb7
28. Rf1 Kd8 29. Nfd2 Qxf1+ 30. Nxf1 Rxf1+ 31. Nc1 Ba5 32. Bd3 Rd1 33. Kc2 Rh1
34. Qg8+ Kc7 35. Qxe6 Rh2+ 36. Ne2 Nb8 37. Qe5+ Kc8 38. Qxh2 Bd8 39. Qd6 Ba4+
40. b3 Bxb3+ 41. axb3 Rxg7 42. Ba6+ Nxa6 43. Qxa6+ Kb8 44. Qb5+ Rb7 45. Qxd5 Kc8
46. c4 Rc7 47. Qe6+ Kb7 48. d5 Be7 49. Nd4 Bc5 50. d6 1-0

[Event "Chess.com SIG Bullet Wild"]
[Site "chess.com INT"]
[Date "2021.04.05"]
[Round "1.3"]
[White "Erigaisi, Arjun"]
[Black "Aronian, Levon"]
[Result "0-1"]
[WhiteTitle "GM"]
[BlackTitle "GM"]
[WhiteElo "2567"]
[BlackElo "2781"]
[WhiteFideId "35009192"]
[BlackFideId "13300474"]
[EventDate "2021.04.05"]

1. c4 Nf6 2. Nc3 e6 3. Nf3 d5 4. d4 dxc4 5. e4 b5 6. e5 Nd5 7. Nxb5 Nb6 8. Qc2
Nc6 9. Be3 Nb4 10. Qe4 Rb8 11. a3 Bb7 12. Qg4 Nc2+ 13. Kd1 Nxa1 14. Bg5 Bxf3+
15. gxf3 Qd7 16. Nc3 c5 0-1

[Event "Chess.com SIG Bullet Wild"]
[Site "chess.com INT"]
[Date "2021.04.05"]
[Round "1.4"]
[White "Aronian, Levon"]
[Black "Erigaisi, Arjun"]
[Result "0-1"]
[WhiteTitle "GM"]
[BlackTitle "GM"]
[WhiteElo "2781"]
[BlackElo "2567"]
[WhiteFideId "13300474"]
[BlackFideId "35009192"]
[EventDate "2021.04.05"]

1. d4 d5 2. Nf3 Nf6 3. Bf4 e6 4. e3 c5 5. c3 Nc6 6. Nbd2 Nh5 7. Bg5 f6 8. Bh4 g6
9. Be2 cxd4 10. Nxd4 Ng7 11. O-O Be7 12. c4 Nxd4 13. exd4 Nf5 14. Bg3 Nxd4 15.
cxd5 Nxe2+ 16. Qxe2 Qxd5 17. Rad1 O-O 18. Ne4 Qxa2 19. Bd6 Bxd6 20. Rxd6 b6 21.
Qf3 Kg7 22. Nxf6 Rb8 23. Qc3 Rxf6 24. Qc7+ Rf7 25. Qxb8 Ba6 26. Rfd1 Qxb2 27.
R6d2 Qf6 28. h3 Bc4 29. Re1 b5 30. Red1 a5 31. Qg3 a4 32. Rd7 Bd5 33. Rxf7+ Qxf7
34. Rc1 Bc4 35. Rd1 h5 36. Qe5+ Kh6 37. Rd8 g5 38. Qh8+ Kg6 39. Rg8+ Kf5 40. Rf8
Kg6 41. Rxf7 Kxf7 42. Qc3 Kg6 43. Qb4 Kf5 44. g4+ hxg4 45. hxg4+ Kxg4 46. Kg2
Kf4 47. f3 e5 48. Kf2 g4 49. Qf8+ Kg5 50. Qg7+ Kf5 51. Qf7+ Bxf7 52. fxg4+ Kxg4
53. Ke3 a3 0-1

[Event "Chess.com SIG Bullet Wild"]
[Site "chess.com INT"]
[Date "2021.04.05"]
[Round "1.5"]
[White "Erigaisi, Arjun"]
[Black "Aronian, Levon"]
[Result "1-0"]
[WhiteTitle "GM"]
[BlackTitle "GM"]
[WhiteElo "2567"]
[BlackElo "2781"]
[WhiteFideId "35009192"]
[BlackFideId "13300474"]
[EventDate "2021.04.05"]

1. Nf3 Nf6 2. c4 d5 3. Nc3 d4 4. Nb5 Nc6 5. e3 e5 6. exd4 exd4 7. d3 a6 8. Na3
Bb4+ 9. Bd2 Bxd2+ 10. Qxd2 O-O 11. Be2 Re8 12. O-O Bg4 13. Rfe1 Nd7 14. h3 Bh5
15. Nc2 Nc5 16. b4 Na4 17. Nfxd4 Nxd4 18. Bxh5 Ne6 19. Bf3 c6 20. d4 Qg5 21. Re3
Qf6 22. Rae1 Red8 23. d5 Ng5 24. Qe2 g6 25. dxc6 bxc6 26. c5 Nc3 27. Qc4 Nd5 28.
Bxd5 Rxd5 29. Qg4 h5 30. Qg3 Kg7 31. h4 Ne6 32. Rf3 Qb2 33. Re2 Rad8 34. Kh2 Rd2
35. Rxd2 Rxd2 36. Ne3 Rd4 37. Qe5+ Kg8 38. Qb8+ Kg7 39. Qe5+ Kg8 40. Qf6 Qxb4
41. Qxf7+ Kh8 42. Qe8+ Kg7 43. Rf7+ Kh6 44. Qh8# 1-0

[Event "Chess.com SIG Bullet Wild"]
[Site "chess.com INT"]
[Date "2021.04.05"]
[Round "1.6"]
[White "Aronian, Levon"]
[Black "Erigaisi, Arjun"]
[Result "1-0"]
[WhiteTitle "GM"]
[BlackTitle "GM"]
[WhiteElo "2781"]
[BlackElo "2567"]
[WhiteFideId "13300474"]
[BlackFideId "35009192"]
[EventDate "2021.04.05"]

1. e4 e6 2. d3 d5 3. Nd2 Nf6 4. Ngf3 c5 5. Be2 Nc6 6. O-O g6 7. c3 Bg7 8. e5 Nd7
9. d4 O-O 10. Bb5 Qb6 11. Bxc6 bxc6 12. Nb3 cxd4 13. cxd4 a5 14. Be3 a4 15. Nc5
Nxc5 16. dxc5 Qxb2 17. Bd4 Qb7 18. Rb1 Qe7 19. Qd2 Ba6 20. Rfe1 Bc4 21. a3 Bb5
22. h4 h6 23. Be3 Kh7 24. Nd4 Rab8 25. Nxb5 Rxb5 26. Rxb5 cxb5 27. Qb4 Qd7 28.
Bd4 Rb8 29. Rc1 Qc6 30. g3 Kg8 31. h5 g5 32. Kg2 Kf8 33. f4 gxf4 34. gxf4 Ke7
35. Kf3 Kd7 36. Rg1 Bf8 37. Ke2 Qa6 38. Rc1 Kc6 39. Ke3 Be7 40. Rg1 Bf8 41. Rg8
Qc8 42. Kd3 Qd8 43. Kc2 Qh4 44. Qa5 Qxf4 45. Qa6+ Kc7 46. Rxf8 Qe4+ 47. Kc3 Qf3+
48. Kb4 Qb3+ 49. Ka5 Rxf8 50. Qd6+ Kb7 51. c6+ 1-0

[Event "Chess.com SIG Bullet Wild"]
[Site "chess.com INT"]
[Date "2021.04.05"]
[Round "1.7"]
[White "Erigaisi, Arjun"]
[Black "Aronian, Levon"]
[Result "1/2-1/2"]
[WhiteTitle "GM"]
[BlackTitle "GM"]
[WhiteElo "2567"]
[BlackElo "2781"]
[WhiteFideId "35009192"]
[BlackFideId "13300474"]
[EventDate "2021.04.05"]

1. e4 d5 2. exd5 Nf6 3. Nf3 Nxd5 4. d4 Bg4 5. c4 Nb6 6. Be3 e5 7. dxe5 Qxd1+ 8.
Kxd1 Nc6 9. Nd2 O-O-O 10. Ke1 Bb4 11. a3 Bxd2+ 12. Nxd2 Nxe5 13. f3 Be6 14. b3
Rhe8 15. Kf2 Bf5 16. Be2 Bd3 17. g3 Bxe2 18. Kxe2 Nd3 19. Ne4 f5 20. Nc3 f4 21.
gxf4 Nxf4+ 22. Kf2 Nh3+ 23. Ke2 Nf4+ 24. Kf2 Nh3+ 25. Ke2 Nf4+ 1/2-1/2

[Event "Chess.com SIG Bullet Wild"]
[Site "chess.com INT"]
[Date "2021.04.05"]
[Round "1.8"]
[White "Aronian, Levon"]
[Black "Erigaisi, Arjun"]
[Result "0-1"]
[WhiteTitle "GM"]
[BlackTitle "GM"]
[WhiteElo "2781"]
[BlackElo "2567"]
[WhiteFideId "13300474"]
[BlackFideId "35009192"]
[EventDate "2021.04.05"]

1. e4 e6 2. d4 d5 3. Nc3 Nf6 4. e5 Ne4 5. f4 Qh4+ 6. g3 Nxg3 7. hxg3 Qxh1 8. Kf2
f5 9. Bg2 Qh6 10. Nf3 Bd7 11. Ng5 Be7 12. Be3 Nc6 13. Qe2 Bxg5 14. fxg5 Qg6 15.
Bf3 Qf7 16. Bh5 g6 17. Bf3 O-O-O 18. Rh1 Rdf8 19. Rh6 Ne7 20. Qd2 f4 21. gxf4
Nf5 22. Rh3 Nxe3 23. Qxe3 Qxf4 24. Qxf4 Rxf4 25. Ne2 Rf5 26. c3 Rxg5 27. Ng3 h5
28. Ke3 Rf8 29. b3 Bb5 30. a4 Bc6 31. Be2 a5 32. Bd3 Rg4 33. Be2 Rgf4 34. Bd3
Rf3+ 35. Ke2 h4 0-1

[Event "Chess.com SIG Bullet Wild"]
[Site "chess.com INT"]
[Date "2021.04.05"]
[Round "1.9"]
[White "Erigaisi, Arjun"]
[Black "Aronian, Levon"]
[Result "0-1"]
[WhiteTitle "GM"]
[BlackTitle "GM"]
[WhiteElo "2567"]
[BlackElo "2781"]
[WhiteFideId "35009192"]
[BlackFideId "13300474"]
[EventDate "2021.04.05"]

1. Nf3 d5 2. c4 d4 3. e3 Nc6 4. b4 dxe3 5. fxe3 Nxb4 6. Nc3 Nf6 7. d4 c6 8. a3
Na6 9. e4 g6 10. e5 Nh5 11. Be2 Bg7 12. O-O O-O 13. Be3 c5 14. d5 Bg4 15. Rb1
Bxf3 16. Bxf3 Bxe5 17. Ne4 Nf6 18. Rxb7 Nxe4 19. Bxe4 Qd6 20. h4 Rfb8 21. Rxb8+
Rxb8 22. h5 Nc7 23. Qg4 Ne8 24. hxg6 hxg6 25. Qh3 Nf6 26. Bc2 Rb2 27. Qc8+ Kg7
28. Bd1 Bd4 29. Bxd4 cxd4 30. Qh3 Ne4 31. Qf3 f5 32. Qd3 Qe5 33. Re1 Qf6 34. Bf3
Rd2 35. Qb3 Qh4 36. Rf1 Ng3 0-1

[Event "Chess.com SIG Bullet Wild"]
[Site "chess.com INT"]
[Date "2021.04.05"]
[Round "1.10"]
[White "Aronian, Levon"]
[Black "Erigaisi, Arjun"]
[Result "1/2-1/2"]
[WhiteTitle "GM"]
[BlackTitle "GM"]
[WhiteElo "2781"]
[BlackElo "2567"]
[WhiteFideId "13300474"]
[BlackFideId "35009192"]
[EventDate "2021.04.05"]

1. d4 d5 2. Nf3 Nf6 3. Bf4 e6 4. e3 Bd6 5. Nbd2 O-O 6. Bg3 c5 7. c3 Qc7 8. Ne5
Nbd7 9. f4 b6 10. Bd3 Bb7 11. Qf3 Rfc8 12. O-O a5 13. Rf2 Ba6 14. Bc2 b5 15. Bh4
a4 16. a3 b4 17. cxb4 cxb4 18. Bxa4 bxa3 19. bxa3 Bc4 20. Bxd7 Nxd7 21. Ndxc4
dxc4 22. Rc2 Bxe5 23. fxe5 Nb6 24. Be1 Qd7 25. Bb4 Nd5 26. Bc5 Ra4 27. Rac1 Qb5
28. e4 Nc7 29. Rf2 Qd7 30. Rcf1 Na6 31. Bd6 c3 32. Qxf7+ Qxf7 33. Rxf7 h6 34.
Rf8+ Rxf8 35. Rxf8+ Kh7 36. Rc8 Rxd4 37. Rxc3 Rxe4 38. Rc6 Ra4 39. Kf2 Kg6 40.
Ke3 Kf5 41. Kd3 g5 42. Kc3 h5 43. Kb3 Ra5 44. a4 h4 45. Rb6 g4 46. Rb5 Rxa4 47.
Kxa4 Kf4 48. Rb3 Ke4 49. g3 Nc5+ 50. Bxc5 Kxe5 51. Bf2 hxg3 52. Bxg3+ Kf5 53.
Kb5 Ke4 54. Rc3 Kd5 55. Rc4 e5 56. Rxg4 e4 57. Rxe4 Kxe4 58. Kc4 Kf5 59. Kd5 Kg4
60. Kd4 Kh5 61. Ke3 Kg6 62. Kf3 Kh5 63. h4 Kg6 64. Bf2 Kh5 65. Kf4 Kg6 66. Kg4
Kh6 67. h5 Kh7 68. Kh4 Kg8 69. Kg5 Kh7 1/2-1/2

[Event "Chess.com SIG Bullet Wild"]
[Site "chess.com INT"]
[Date "2021.04.05"]
[Round "1.11"]
[White "Erigaisi, Arjun"]
[Black "Aronian, Levon"]
[Result "1-0"]
[WhiteTitle "GM"]
[BlackTitle "GM"]
[WhiteElo "2567"]
[BlackElo "2781"]
[WhiteFideId "35009192"]
[BlackFideId "13300474"]
[EventDate "2021.04.05"]

1. Nf3 Nf6 2. c4 d5 3. cxd5 Nxd5 4. g3 g6 5. Bg2 Bg7 6. O-O O-O 7. Nc3 Nb6 8. d3
Nc6 9. Be3 e5 10. Qd2 Nd4 11. Rfc1 c6 12. h4 Re8 13. Ne4 Bg4 14. Nxd4 exd4 15.
Bf4 Nd5 16. f3 Nxf4 17. Qxf4 Bf5 18. h5 Bxe4 19. fxe4 Be5 20. Qg4 Qd6 21. Kh2
Re6 22. Rf1 Rf8 23. Bh3 Rf6 24. Rf3 Qe6 25. Qh4 Qd6 26. Raf1 Rxf3 27. exf3 Qb4
28. Rf2 Qe1 29. Kg2 f6 30. Be6+ Kg7 31. f4 Bd6 32. Qg4 Qe3 33. Bf5 g5 34. e5 Be7
35. h6+ Kh8 36. e6 Rg8 37. Re2 gxf4 38. Rxe3 Rxg4 39. Rf3 Rxg3+ 40. Rxg3 fxg3
41. Kxg3 Bd6+ 42. Kf3 c5 43. Ke4 Be7 44. Kd5 b5 45. Kc6 c4 46. Kxb5 c3 47. bxc3
dxc3 48. d4 Kg8 49. Kc6 Kf8 50. Kd7 Ba3 51. d5 1-0

[Event "Chess.com SIG Bullet Wild"]
[Site "chess.com INT"]
[Date "2021.04.05"]
[Round "1.12"]
[White "Aronian, Levon"]
[Black "Erigaisi, Arjun"]
[Result "1/2-1/2"]
[WhiteTitle "GM"]
[BlackTitle "GM"]
[WhiteElo "2781"]
[BlackElo "2567"]
[WhiteFideId "13300474"]
[BlackFideId "35009192"]
[EventDate "2021.04.05"]

1. d4 e6 2. Nf3 c5 3. e4 cxd4 4. Nxd4 Nc6 5. Nc3 Nf6 6. Nxc6 bxc6 7. e5 Nd5 8.
Ne4 f5 9. Nd6+ Bxd6 10. exd6 a5 11. c4 Nf6 12. Bf4 a4 13. Be2 Qa5+ 14. Qd2 Qxd2+
15. Kxd2 Kf7 16. f3 Ba6 17. Rhe1 Rhb8 18. Kc3 c5 19. Bd3 Bb7 20. Re5 Rc8 21. Be3
Ra5 22. Rc1 h6 23. b3 axb3 24. axb3 Rc6 25. Bf2 Ne8 26. h4 Nxd6 27. g4 fxg4 28.
fxg4 Ke7 29. Bg3 Nf7 30. Re2 Rc8 31. Rf1 Rf8 32. Ref2 Raa8 33. Bg6 Nh8 34. Rxf8
Rxf8 35. Rxf8 Kxf8 36. Bd6+ Kg8 37. Be8 Nf7 38. Bxc5 d5 39. cxd5 Bxd5 40. b4 Ne5
41. g5 hxg5 42. hxg5 Nf3 43. g6 Ng5 44. Be3 Ne4+ 45. Kd4 Kf8 46. Bb5 Ke7 47. Bd3
Nd6 48. Bg5+ Kd7 49. Ke5 Ne8 50. Bb5+ Bc6 51. Bxc6+ Kxc6 52. Kxe6 Nd6 53. Be7
Nc8 54. Kf7 Nb6 55. Kxg7 Nd5 56. Kh6 Nc7 57. g7 Nb5 58. Kh7 Kb6 59. g8=Q Nc7 60.
Qd5 Nxd5 1/2-1/2

[Event "Chess.com SIG Bullet Wild"]
[Site "chess.com INT"]
[Date "2021.04.05"]
[Round "1.13"]
[White "Erigaisi, Arjun"]
[Black "Aronian, Levon"]
[Result "0-1"]
[WhiteTitle "GM"]
[BlackTitle "GM"]
[WhiteElo "2567"]
[BlackElo "2781"]
[WhiteFideId "35009192"]
[BlackFideId "13300474"]
[EventDate "2021.04.05"]

1. d4 Nf6 2. c4 g6 3. Nf3 Bg7 4. Nc3 O-O 5. e4 d6 6. Be2 c5 7. O-O Re8 8. Be3
Ng4 9. Bg5 h6 10. Bh4 cxd4 11. Nxd4 Bxd4 12. Qxd4 e5 13. Qd2 Qxh4 14. h3 Nf6 15.
Rad1 Nc6 0-1

[Event "Chess.com SIG Bullet Wild"]
[Site "chess.com INT"]
[Date "2021.04.05"]
[Round "1.14"]
[White "Aronian, Levon"]
[Black "Erigaisi, Arjun"]
[Result "0-1"]
[WhiteTitle "GM"]
[BlackTitle "GM"]
[WhiteElo "2781"]
[BlackElo "2567"]
[WhiteFideId "13300474"]
[BlackFideId "35009192"]
[EventDate "2021.04.05"]

1. d4 e6 2. Nf3 Nf6 3. Bf4 d5 4. e3 c5 5. Nbd2 Nc6 6. c3 Nh5 7. Bg5 f6 8. Bh4 g6
9. Be2 Ng7 10. O-O Nf5 11. Bg3 h5 12. h4 Nxg3 13. fxg3 Bd6 14. Bd3 f5 15. c4
Bxg3 16. cxd5 Qxd5 17. Bc4 Qd6 18. Bb5 Bd7 19. Nc4 Qe7 20. dxc5 Qxc5 21. a4 a6
22. b4 Qa7 23. Nd6+ Ke7 24. Bxc6 Bxc6 25. b5 axb5 26. Nxb5 Bxb5 27. axb5 Qxa1
28. Qxa1 Rxa1 29. Rxa1 Rc8 30. Kf1 Rc5 31. Rb1 Rc2 0-1

[Event "Chess.com SIG Bullet Wild"]
[Site "chess.com INT"]
[Date "2021.04.05"]
[Round "1.15"]
[White "Erigaisi, Arjun"]
[Black "Aronian, Levon"]
[Result "1/2-1/2"]
[WhiteTitle "GM"]
[BlackTitle "GM"]
[WhiteElo "2567"]
[BlackElo "2781"]
[WhiteFideId "35009192"]
[BlackFideId "13300474"]
[EventDate "2021.04.05"]

1. d4 Nf6 2. c4 g6 3. g3 Bg7 4. Bg2 O-O 5. Nf3 Nc6 6. O-O d6 7. Nc3 Rb8 8. Re1
a6 9. a4 Bg4 10. h3 Bxf3 11. Bxf3 Nd7 12. e3 e5 13. d5 Ne7 14. a5 f5 15. e4 f4
16. Kg2 Nf6 17. h4 h5 18. gxf4 exf4 19. Bxf4 Ng4 20. Bg3 Ne5 21. Be2 Bh6 22. Rh1
Bf4 23. Rh3 Qd7 24. Qg1 Rf6 25. Rf1 Rbf8 26. f3 Bxg3 27. Rxg3 Rf4 28. Qh2 Kh7
29. b3 Ng8 30. Nd1 Nh6 31. Ne3 b6 32. axb6 cxb6 33. Rg5 R4f6 34. f4 Nef7 35. e5
dxe5 36. fxe5 Rxf1 37. e6 Rf2+ 38. Kxf2 Nxg5+ 39. Ke1 Nxe6 40. dxe6 Qxe6 41.
Qc7+ Rf7 42. Qg3 Qf6 43. Nd5 Qa1+ 44. Bd1 Nf5 45. Qd3 Nxh4 46. Kd2 Ng2 47. Ne3
Qb2+ 48. Nc2 Rf2+ 49. Be2 Nf4 50. Qd7+ Kh6 51. Qe8 Rxe2+ 52. Qxe2 Nxe2 53. Kd3
Qxb3+ 54. Kd2 Qxc4 55. Ne3 1/2-1/2

[Event "Chess.com SIG Bullet Wild"]
[Site "chess.com INT"]
[Date "2021.04.05"]
[Round "1.16"]
[White "Aronian, Levon"]
[Black "Erigaisi, Arjun"]
[Result "0-1"]
[WhiteTitle "GM"]
[BlackTitle "GM"]
[WhiteElo "2781"]
[BlackElo "2567"]
[WhiteFideId "13300474"]
[BlackFideId "35009192"]
[EventDate "2021.04.05"]

1. d4 Nf6 2. Nf3 e6 3. Bf4 d5 4. e3 Bd6 5. Nbd2 O-O 6. c3 c5 7. Bd3 Qc7 8. Bg5
Nbd7 9. O-O b6 10. Qe2 Bb7 11. Rfe1 Ne4 12. Bh4 f5 13. Nf1 c4 14. Bc2 b5 15. a3
a5 16. Bg3 b4 17. axb4 axb4 18. cxb4 Nxg3 19. hxg3 Bxb4 20. Rec1 Qb6 21. b3 c3
22. Ne1 Ba3 23. Rd1 Bb2 24. Rab1 Ra2 25. Nd3 Ba6 26. Qf3 Bxd3 27. Rxd3 Nf6 28.
Rdd1 Ba3 29. Qe2 Ne4 30. Qd3 Rc8 31. Ra1 Rxa1 32. Rxa1 Bb2 33. Ra6 Qd8 34. Rxe6
Qd7 35. Ra6 g6 36. f3 Nd6 37. g4 fxg4 38. Ng3 gxf3 39. gxf3 Qh3 40. Nf1 Nf5 41.
Qe2 Nh4 42. Nh2 Rf8 43. f4 Qg3+ 44. Kh1 Re8 45. e4 Qxf4 46. e5 Qxd4 47. Ng4 Rf8
48. Nf6+ Kg7 49. Rd6 Qf4 50. Rd7+ Rf7 51. Ne8+ Kf8 52. Rxf7+ Qxf7 53. e6 Qf3+
54. Qxf3+ Nxf3 55. Nd6 Nd4 56. e7+ Kxe7 57. Nc8+ Kd8 58. Nb6 Nxc2 59. Nxd5 Nd4
60. Nxc3 Nxb3 61. Nd5 Bd4 62. Nf4 Nc5 63. Ne6+ Nxe6 64. Kg2 Nf4+ 65. Kf3 g5 66.
Kg4 Bf6 67. Kf5 Ke7 0-1

[Event "Chess.com SIG Bullet Wild"]
[Site "chess.com INT"]
[Date "2021.04.05"]
[Round "1.1"]
[White "Artemiev, Vladislav"]
[Black "Sadhwani, Raunak"]
[Result "0-1"]
[WhiteTitle "GM"]
[BlackTitle "GM"]
[WhiteElo "2709"]
[BlackElo "2555"]
[WhiteFideId "24101605"]
[BlackFideId "35093487"]
[EventDate "2021.04.05"]

1. b3 e5 2. Bb2 Nc6 3. c4 Nf6 4. Nf3 d6 5. d4 e4 6. Ng5 d5 7. e3 h6 8. Nh3 Bg4
9. Be2 Bxh3 10. gxh3 Bb4+ 11. Nc3 Ne7 12. a3 Bxc3+ 13. Bxc3 Qd7 14. Bf1 c6 15.
Rg1 Nf5 16. Qc2 g6 17. O-O-O a5 18. a4 O-O 19. Be2 Kh7 20. Bg4 Qe6 21. c5 h5 22.
Bxf5 Qxf5 23. Rg3 h4 24. Rgg1 Qxh3 25. Qe2 Qf3 26. Qc2 Nh5 27. Rdf1 f6 28. Qd2
g5 29. Bxa5 Kh6 30. Bc7 Rf7 31. Bd6 Ng7 32. Kb2 Nf5 33. Rc1 Rd8 34. Rc2 Nxd6 35.
cxd6 Rxd6 36. b4 Rdd7 37. b5 cxb5 38. axb5 Rc7 39. Rgc1 Rxc2+ 40. Rxc2 Qh3 41.
Qb4 Qxh2 42. Qc5 Rd7 43. Qf8+ Kh7 44. Qxf6 Qd6 45. Qf5+ Kh6 46. Rc8 Rh7 47. Re8
Qb4+ 48. Ka2 Qa4+ 49. Kb2 Qxb5+ 50. Ka3 Qxe8 51. Qf6+ Kh5 52. Qf5 Qe7+ 53. Kb3
Qf7 0-1

[Event "Chess.com SIG Bullet Wild"]
[Site "chess.com INT"]
[Date "2021.04.05"]
[Round "1.2"]
[White "Sadhwani, Raunak"]
[Black "Artemiev, Vladislav"]
[Result "0-1"]
[WhiteTitle "GM"]
[BlackTitle "GM"]
[WhiteElo "2555"]
[BlackElo "2709"]
[WhiteFideId "35093487"]
[BlackFideId "24101605"]
[EventDate "2021.04.05"]

1. d4 g6 2. Nf3 Bg7 3. e4 d6 4. Bc4 Nf6 5. Qe2 Nc6 6. e5 dxe5 7. dxe5 Nd5 8. h3
Nb6 9. Bb5 O-O 10. Bxc6 bxc6 11. O-O a5 12. Rd1 Ba6 13. Qe1 Qc8 14. b3 a4 15.
Bb2 Nd5 16. c4 Nf4 17. Qe4 Ne6 18. Nc3 axb3 19. axb3 Bb7 20. Qc2 Rd8 21. Ne4 c5
22. Rxd8+ Qxd8 23. Rd1 Qe8 24. h4 h6 25. Bc3 Rd8 26. Re1 Qd7 27. Nfd2 Nf4 28. g3
Qg4 29. Qd1 Qxd1 30. Rxd1 Ne2+ 31. Kf1 Nxc3 32. Nxc3 Bxe5 33. Na4 Bd4 34. Ke2
Bc8 35. Ne4 Bf5 36. Nexc5 e5 37. Nd3 Rb8 38. b4 e4 39. Nf4 Bg4+ 40. Ke1 Bxd1 41.
Kxd1 Bxf2 0-1

[Event "Chess.com SIG Bullet Wild"]
[Site "chess.com INT"]
[Date "2021.04.05"]
[Round "1.3"]
[White "Artemiev, Vladislav"]
[Black "Sadhwani, Raunak"]
[Result "0-1"]
[WhiteTitle "GM"]
[BlackTitle "GM"]
[WhiteElo "2709"]
[BlackElo "2555"]
[WhiteFideId "24101605"]
[BlackFideId "35093487"]
[EventDate "2021.04.05"]

1. d4 Nf6 2. Nf3 g6 3. Bf4 Bg7 4. e3 O-O 5. Be2 d6 6. h3 Nfd7 7. O-O e5 8. Bh2
Nc6 9. Nc3 f5 10. dxe5 Ndxe5 11. Nd4 Bd7 12. Nd5 Kh8 13. Nb5 Rc8 14. c4 a6 15.
Nbc3 Qe8 16. Qd2 Qf7 17. Rad1 g5 18. b4 Be6 19. b5 axb5 20. Nxb5 Bxd5 21. cxd5
Ne7 22. f4 gxf4 23. Bxf4 N7g6 24. Bh2 Qe7 25. Nd4 Bh6 26. Nxf5 Rxf5 27. Rxf5 Nh4
28. Rh5 Nef3+ 29. Bxf3 Bxe3+ 30. Kf1 Bxd2 31. Rxd2 Nxf3 32. gxf3 Qf7 33. Rh4
Qxf3+ 34. Rf2 Qd1+ 35. Kg2 Rg8+ 36. Bg3 Qxd5+ 37. Kh2 Qg5 38. Rg4 Qd5 39. Rgf4
b5 40. Bh4 h6 41. Rf7 Qe5+ 42. R2f4 Qe2+ 43. Rf2 Qe5+ 44. R2f4 Rg6 45. Bf6+ Rxf6
46. Rxf6 Kg7 47. Rf7+ Kg6 48. Kg2 Qe2+ 49. Kg3 Qe3+ 50. Kh4 Qe5 51. Rf8 Qg5# 0-1

[Event "Chess.com SIG Bullet Wild"]
[Site "chess.com INT"]
[Date "2021.04.05"]
[Round "1.4"]
[White "Sadhwani, Raunak"]
[Black "Artemiev, Vladislav"]
[Result "1/2-1/2"]
[WhiteTitle "GM"]
[BlackTitle "GM"]
[WhiteElo "2555"]
[BlackElo "2709"]
[WhiteFideId "35093487"]
[BlackFideId "24101605"]
[EventDate "2021.04.05"]

1. d4 g6 2. e4 Bg7 3. Nf3 c6 4. Bd3 d5 5. h3 dxe4 6. Bxe4 Nf6 7. Bd3 c5 8. dxc5
Qa5+ 9. Nc3 Qxc5 10. O-O O-O 11. Be3 Qa5 12. Qd2 Nc6 13. Bh6 Rd8 14. Bxg7 Kxg7
15. Rfe1 Bf5 16. Rad1 Bxd3 17. cxd3 Rd7 18. d4 Rad8 19. Qf4 Qf5 20. Qe3 Nd5 21.
Qd2 Nxc3 22. bxc3 e5 23. d5 Rxd5 24. Qxd5 Rxd5 25. Rxd5 Qe6 26. c4 f6 27. Red1
Kh6 28. Nh2 Nd4 29. Ng4+ Kg7 30. Re1 Qc6 31. f4 Qxc4 32. Rd7+ Kf8 33. Nxf6 Ne2+
34. Rxe2 Qxe2 35. Nxh7+ Ke8 36. Nf6+ Kf8 37. Nh7+ Ke8 38. Nf6+ Kf8 39. Nh7+ 1/2-1/2

[Event "Chess.com SIG Bullet Wild"]
[Site "chess.com INT"]
[Date "2021.04.05"]
[Round "1.5"]
[White "Artemiev, Vladislav"]
[Black "Sadhwani, Raunak"]
[Result "1-0"]
[WhiteTitle "GM"]
[BlackTitle "GM"]
[WhiteElo "2709"]
[BlackElo "2555"]
[WhiteFideId "24101605"]
[BlackFideId "35093487"]
[EventDate "2021.04.05"]

1. b3 e5 2. Bb2 Nc6 3. c4 g6 4. Nf3 Bg7 5. d3 Nge7 6. g3 O-O 7. Nc3 d6 8. Bg2
Be6 9. h4 h6 10. Qd2 Qd7 11. h5 g5 12. Nxg5 hxg5 13. h6 Bh8 14. h7+ Kg7 15.
Qxg5+ Ng6 16. Qh6+ Kf6 17. f4 Ke7 18. Nd5+ Bxd5 19. cxd5 Nd4 20. Bxd4 exd4 21.
O-O-O a5 22. Be4 a4 23. b4 a3 24. Rd2 Qb5 25. Rc2 Qxb4 26. Bxg6 fxg6 27. Qg5+
Bf6 28. Qg4 c6 29. Qe6+ Kd8 30. h8=Q Bxh8 31. dxc6 bxc6 32. Rc4 Qb2+ 33. Kd1
Qb1+ 34. Rc1 Qb4 35. Rh7 Qa4+ 36. Ke1 Ra7 37. Qxd6+ Ke8 38. Qb8# 1-0

[Event "Chess.com SIG Bullet Wild"]
[Site "chess.com INT"]
[Date "2021.04.05"]
[Round "1.6"]
[White "Sadhwani, Raunak"]
[Black "Artemiev, Vladislav"]
[Result "0-1"]
[WhiteTitle "GM"]
[BlackTitle "GM"]
[WhiteElo "2555"]
[BlackElo "2709"]
[WhiteFideId "35093487"]
[BlackFideId "24101605"]
[EventDate "2021.04.05"]

1. d4 d5 2. Nf3 Nf6 3. Bf4 c5 4. e3 Nc6 5. Nbd2 Nh5 6. Be5 e6 7. c4 cxd4 8. exd4
Be7 9. c5 O-O 10. Bb5 Bd7 11. Bxc6 Bxc6 12. O-O b6 13. b4 a5 14. a3 f6 15. Bg3
Qd7 16. Re1 Nxg3 17. hxg3 axb4 18. axb4 Rxa1 19. Qxa1 Ra8 20. Qc3 bxc5 21. bxc5
Bd8 22. Qe3 Kf7 23. g4 h6 24. Qd3 Kg8 25. Qe3 Kf7 26. Qd3 Kg8 27. Nh4 Bc7 28.
Qe3 Re8 29. f4 e5 30. g3 Qxg4 31. Qf3 Qxf3 32. Nhxf3 exf4 33. Rxe8+ Bxe8 34. g4
Bd7 35. Nh2 f5 36. gxf5 Bxf5 37. Ndf3 g5 38. Nf1 Kf7 39. Ne5+ Bxe5 40. dxe5 Ke6
41. Nd2 Kxe5 42. Nf3+ Ke4 0-1